000 00362nam a2200157Ia 4500
008 151213s9999 xx 000 0 und d
100 _aC.P.Snow
245 _aStrangers & Brothers
_cC.P.Snow
250 _a1st
260 _aAustralia
_bPenguijng Book
_c1940
300 _a4335 p.
650 _aEnglish
650 _aStory
700 _aC.P.Snow
999 _c2749
_d2749